000 nam a22 7a 4500
999 _c54597
_d54597
003 OSt
005 20220802152441.0
008 220802b xxu||||| |||| 00| 0 eng d
040 _cIIMT UNIVERSITY
100 _aSHANKAR, RAVI SHRI SHRI
245 _aCELEBRATING SILENCE
260 _aNEW DELHI
_bJAICO PUB.
_c2006
300 _a200
942 _2ddc
_c09